Romantic Movies & TV Shows By Picture - Statistics

General Stats
  • This quiz has been taken 186 times
  • The average score is 17 of 36
Answer Stats
Picture Answer % Correct
Titanic
94%
La La Land
89%
10 Things I Hate About You
88%
The Notebook
88%
Twillight
81%
How To Lose a Guy In 10 Days
77%
Dirty Dancing
71%
Mr. and Mrs. Smith
69%
The Proposal
68%
Romeo + Juliet
66%
She's the Man
66%
The Kissing Booth
66%
The Summer I Turned Pretty
64%
She's All That
60%
After
55%
Purple Hearts
55%
My Fault
54%
Cinderella Story
52%
He's All That
47%
Blue Lagoon
41%
My Fault: London
40%
To All The Boys I Loved Before
37%
Maxton Hall
36%
Through My Window
33%
Flipped
31%
Sidelined
29%
The Hating Game
25%
Princess Diaries 2
18%
The Tearsmith
18%
Beautiful Disaster
14%
See You On Venus
13%
My Life With Walter Boys
12%
Three Meters Above the Sky
7%
It's a Boy Girl Thing
5%
JJ+E
5%
Redeeming Love
5%
No matching quizzes found
Score Distribution
Percent of People with Each Score
Percentile by Number Answered
Your Score History
You have not taken this quiz